000 00740nam a2200181Ia 4500
008 100921s9999 xx 000 0 und d
082 _b24516
_a320.954-14 थ 91
100 _aभावे पुरूषोत्तम भास्कर.
245 _aनरभक्षकाची पावले.
260 _bकुलस्वामीनी प्रकाशन,डोंबिवली.
_c1991
300 _a139
_bपेंढारकर सतीश
365 _b60
520 _aस.शा.राजकीय लेख.
630 _aनरभक्षकाची पावले.
650 _aस.शा.राजकीय लेख.
730 _aनरभक्षकाची पावले.
942 _cBOOK
999 _c773629
_d773626